000 00754nam a2200253 a 4500
001 14278
003 BD-JhCC
005 20250226113926.0
008 250226b2006 e a|||| ||a| 001 0 eng d
020 _a0131857029
035 _a(BD-JhCC)14278
040 _aBD-JhCC
_dBD-JhCC
041 _aenglish
082 _a658.403
_bBAR 2006
100 _a Render,Barry
245 _a Fundamentals of applied electromagnetics /
_cBarry Render, Ralph M. Stair, Michael E. Hanna.
260 _a New York:
_bRecording for the Blind & Dyslexic;
_c2006.
300 _a731 p. :
_bill;
_c24 cm
650 _a Decision support systems, management decision-making
700 _aStair, Ralph M.
700 _a. Hanna, Michael E
942 _2ddc
_cBK
999 _c14278
_d14278